000 00747cam a22002413a 4500
001 9661
003 PGUSA
005 20140828083214.0
008 060101s2006||||xxu|||||s|||||000 | eng d
040 _aPGUSA
_beng
042 _adc
050 4 _aF786
100 1 _aMcClintock, James H.,
_d1864-1934
245 1 0 _aMormon Settlement in Arizona :
_bA Record of Peaceful Conquest of the Desert
_h[electronic resource] /
_cJames H. McClintock
260 _bProject Gutenberg,
_c2006
506 _aPublic domain in the USA.
516 _aElectronic text
653 _aMormons -- Arizona -- History
653 _aArizona -- History -- To 1950
830 0 _aProject Gutenberg
_v9661
856 4 0 _uhttp://www.gutenberg.org/ebooks/9661
942 _cEB
999 _c238917
_d238917